Mecánica de suelos : prácticas de laboratorio. (Registro nro. 40264)
[ vista simple ]
| 000 -CABECERA | |
|---|---|
| campo de control de longitud fija | 00326nam a2200109 a 4500 |
| 005 - FECHA Y HORA DE LA ÚLTIMA TRANSACCIÓN | |
| campo de control | 20201002034353.0 |
| 008 - DATOS DE LONGITUD FIJA--INFORMACIÓN GENERAL | |
| campo de control de longitud fija | 130906s2013 000 spa d |
| 040 ## - FUENTE DE LA CATALOGACIÓN | |
| Centro catalogador/agencia de origen | DO-SdBNP |
| 100 ## - ENTRADA PRINCIPAL--NOMBRE DE PERSONA | |
| Nombre de persona | Stefan Álvarez, Edgar |
| 9 (RLIN) | 66792 |
| 245 #0 - MENCIÓN DE TÍTULO | |
| Título | Mecánica de suelos : prácticas de laboratorio. |
| 260 ## - PUBLICACIÓN, DISTRIBUCIÓN, ETC. | |
| Lugar de publicación, distribución, etc. | Santo Domingo-- Intec, |
| Fecha de publicación, distribución, etc. | 2013-- 72 p. |
No hay ítems disponibles.
